Design Alchemy : Transforming the Way We Think about Learning and Teaching /

Análisis crítico de los principios del diseño instruccional para el aprendizaje en línea, enfocado en la participación e interacción de los estudiantes, que propone nuevos conceptos de diseño y estrategias de aprendizaje para una experiencia educativa efectiva.

שמור ב:
מידע ביבליוגרפי
מחבר ראשי: Sims, Roderick (autor)
פורמט: ספר
שפה:אנגלית
יצא לאור: Cham, Suiza : Springer, 2014, c2014
סדרה:(Educational Communications and Technology. Issues and Innovations)
נושאים:
גישה מקוונת:Ver documento en línea
תגים: הוספת תג
אין תגיות, היה/י הראשונ/ה לתייג את הרשומה!

MARC

LEADER 00000nam^a2200000^a^4500
001 000420888
005 20251023000000.0
009 20260310122522.151
020 |a 978-3-319-02423-3 
037 |a Acervo ITESO - Biblioteca 
041 |a ING 
082 |a 374.  |b SIM 
100 |a Sims, Roderick  |e (autor) 
245 1 0 |a Design Alchemy :  |b Transforming the Way We Think about Learning and Teaching /  |c R. Sims ; pref. de Clark Quinn. 
264 4 |a Cham, Suiza :  |b Springer,  |c 2014, c2014 
264 2 |a Cham, Suiza :  |b Springer Link [distribución],  |c 2014 
300 |a 1 libro electrónico en línea (XIV, 251 p.) 
300 |a 1 recurso en línea 
336 |a datos para computadora  |b cod  |2 rdacontenido 
337 |a computadora  |b c  |2 rdamedio 
338 |a recurso en línea  |b cr  |2 rdasoporte 
440 1 |a (Educational Communications and Technology.  |p Issues and Innovations) 
506 0 |a Licencias ilimitadas 
520 |a Análisis crítico de los principios del diseño instruccional para el aprendizaje en línea, enfocado en la participación e interacción de los estudiantes, que propone nuevos conceptos de diseño y estrategias de aprendizaje para una experiencia educativa efectiva. 
649 |a XX 
650 |a Computadoras en la Educación 
650 |a Interactividad 
650 |a Interacción en la Educación 
650 |a Enseñanza Programada -  |x Tema Principal 
650 |a Tecnología Educativa 
650 |a Estrategias de Aprendizaje -  |x Tema Principal 
650 |a Metodología Educativa 
650 |a Proceso Educativo 
650 |a Educación a Distancia -  |x Tema Principal 
650 |a Educación 
856 4 0 |u https://link-springer-com.ezproxy.iteso.mx/10.1007/978-3-319-02423-3  |y Ver documento en línea 
910 |a Fondo General 
920 |a Electrónicos - Libros en Línea 
930 |a Plataforma Digital 
905 |a 205 
901 |a 420888-1  |b IT2  |c EBO  |i C172346  |u 20250521 
902 |a https://opac.biblio.iteso.mx/vufind/Record/000420888